LDR 01059naa#a2200193#i#450# 001 EN\INFRA-M\bibl\103174 005 20260413044525.1 011 ## _a2587-9103 100 ## _a20251025b2025####ek#y0engy0150####ca 102 ## _aRU 200 1# _aElectronic multimedia textbook for teaching the Buryat language to preschool children "Amar mende-e!": technical and methodical design features _eJournal article 210 1# _aMoscow _cINFRA-M Academic Publishing LLC. _d2025 215 ## _a10 с. 608 ## _aJournal article _2local 675 ## _aНародное образование. Воспитание. Обучение. Организация досуга. 37 _aв детских садах. 373.24 _aХарактерные особенности языков. 81-2 _aЛингвистика. Языкознание. Языки. 81 _z 686 ## _aДошкольное образование. Дошкольная педагогика. 14.23 _2grnti 686 ## _aПрикладное языкознание. 16.31 _2grnti 700 #1 _aDareeva _gOksana Aleksandrovna 856 4# _azh-szf.ru _u